Constellations by Brightest Star - Statistics

General Stats
  • This quiz has been taken 316 times
  • The average score is 15 of 22
Answer Stats
Star Constellation % Correct
Rigel Orion
94%
Polaris Ursa Minor
88%
Pollux Gemini
85%
Regulus Leo
85%
Sirius Canis Major
83%
Aldebaran Taurus
83%
Acrux Crux
78%
Spica Virgo
77%
Arcturus Boötes
76%
Vega Lyra
76%
Altair Aquila
74%
Deneb Cygnus
74%
Alioth Ursa Major
74%
Procyon Canis Minor
73%
Capella Auriga
70%
Rigil Kentaurus Centaurus
70%
Antares Scorpius
70%
Zubeneschamali Libra
52%
Mirfak Perseus
51%
Achernar Eridanus
50%
Sadalsuud Aquarius
40%
Fomalhaut Piscis Austrinis
12%
No matching quizzes found
Score Distribution
Percent of People with Each Score
Percentile by Number Answered
Your Score History
You have not taken this quiz